| 000 | 00649na a2200217 4500 | ||
|---|---|---|---|
| 001 | 18687 | ||
| 003 | MIRAKIL | ||
| 005 | 20181213155043.0 | ||
| 008 | 161124b tu 000 0 | ||
| 040 |
_aMilas _btur _cTR-AnCHP |
||
| 041 | _atur | ||
| 082 |
_a297.06 _bD59 1993 |
||
| 090 | _a297.06 D59 1993 | ||
| 110 | _aT.C. Başbakanlık Diyanet İşleri Başkanlığı | ||
| 245 | _aDiyanet işleri başkanlığı | ||
| 260 |
_aAnkara _bDiyanet İşleri Başkanlığı _c1993 |
||
| 300 |
_a48 s. _btbl.,grf.,res.; _c23 sm. |
||
| 610 | _aDiyanet İşleri Başkanları | ||
| 651 |
_aTürkiye _xDiyanet İşleri Başkanlığı |
||
| 942 |
_2ddc _cBKS |
||
| 999 |
_c5671 _d5671 |
||